|
|
|
|
| LEADER |
00000nab a2200000 ar4500 |
| 001 |
vtls008954598 |
| 003 |
SK-MaSNL |
| 005 |
20260303070324.0 |
| 008 |
070313c2007 xo qr|p|||||||000 b|slo |
| 015 |
|
|
|a SNBRB2007/03
|
| 038 |
|
|
|a SNKBUCL
|
| 040 |
|
|
|a SNKBUCL
|b slo
|e AACR2
|c SNKBUCL
|
| 041 |
0 |
|
|a slo
|
| 044 |
|
|
|a xo
|c SK
|
| 080 |
|
|
|a 174.6
|2 1997
|
| 080 |
|
|
|a 159.913
|2 1997
|
| 080 |
|
|
|a 179.9
|2 1997
|
| 100 |
1 |
|
|a Fujková, Eva
|4 aut
|9 1067604
|
| 245 |
1 |
0 |
|a Novodobé závislosti
|c Eva Fujková
|
| 650 |
0 |
7 |
|a závislosti
|2 snkbucl
|9 498786
|
| 650 |
0 |
7 |
|a nelátkové závislosti
|2 snkbucl
|9 753774
|
| 650 |
0 |
7 |
|a spoločnosť
|2 snkbucl
|9 1013
|
| 773 |
0 |
|
|t Logos
|g Roč. IV, č. 2 (2007), s. 18-19
|x 1336-7331
|
| 852 |
|
|
|a SNK
|b KIS3GCP
|
| 958 |
|
|
|a SK
|
| 958 |
|
|
|a NT
|
| 999 |
|
|
|c 1754876
|d 1756806
|